Missing Word: US Capitals Quiz Stats

 Plays Quiz Updated Mar 5, 2016

Challenge
Share
Tweet
Embed
Score 0/20 Timer 04:00
4 Plays Today
Phrase US Capital % Correct
_____ Square GardenMadison
97.3%
_____ PowersAustin
91.3%
_____ witch trialsSalem
86.3%
Joaquin _____Phoenix
74.9%
_____ 500Indianapolis
69.2%
_____ cream pieBoston
67.6%
The _____ FiveJackson
66.6%
White Cliffs of _____Dover
63.2%
_____ Bonham CarterHelena
63.1%
Battles of Lexington and _____Concord
59.5%
Phrase US Capital % Correct
Knights of _____Columbus
56.3%
_____ ContinentalLincoln
54.6%
Sir Walter _____Raleigh
51.2%
_____ National Golf ClubAugusta
45.7%
Otto von _____Bismarck
41.5%
Charles _____ BurnsMontgomery
40%
_____ DukakisOlympia
36.9%
Bob _____ Denver
35.1%
_____ TrudeauPierre
27.5%
_____ Broadcasting SystemColumbia
24.9%

Today's Daily Dose

You're not logged in!

Compare scores with friends on all Sporcle quizzes.
Join for Free
OR
Log In

You Might Also Like...

Show Comments

Extras

Top Quizzes Today


Score Distribution

Your Account Isn't Verified!

In order to create a playlist on Sporcle, you need to verify the email address you used during registration. Go to your Sporcle Settings to finish the process.

Report this User

Report this user for behavior that violates our Community Guidelines.

Details: